000 00779pam a2200229 a 4500
001 1163162
005 20180115075744.0
008 960724s1997 njua b 001 0 eng
010 _a 96029435
020 _a0135217253
040 _aDLC
_cDLC
_dDLC
041 _aeng
080 _a658.3
082 0 0 _a658.3 GRE
_220
100 1 _a54
101 _aLID
245 1 0 _aBehavior in organizations :
_cJerald Greenberg, Robert A. Baron.
504 _aIncludes bibliographical references (p. 591-616) and indexes.
906 _a7
_bcbc
_corignew
_d1
_eocip
_f19
_gy-gencatlg
942 _2ddc
_cBK
999 _c40297
_d40297